000 00216 a2200085 4500
020 _a9783938666173
100 _aBeate Engelhorn
245 _aYoung Americans: New Architecture in the USA
260 _bDOM Publishers
_c2007
999 _c13695
_d13695